<?xml version="1.0" encoding="UTF-8"?>
<marc:record xmlns:marc="http://www.loc.gov/MARC21/slim">
   <marc:leader>00000nam a2200000 a 4500</marc:leader>
   <marc:datafield ind1="0" ind2="0" tag="245">
      <marc:subfield code="a">Die Säulen der Erde</marc:subfield>
   </marc:datafield>
   <marc:datafield ind1="0" ind2="0" tag="245">
      <marc:subfield code="b">Ken Follett</marc:subfield>
   </marc:datafield>
   <marc:datafield ind1=" " ind2="1" tag="264">
      <marc:subfield code="a">Stuttgart</marc:subfield>
      <marc:subfield code="b">Kosmos Verlag</marc:subfield>
      <marc:subfield code="c">2006</marc:subfield>
   </marc:datafield>
   <marc:datafield ind1="1" ind2=" " tag="520">
      <marc:subfield code="a">en Follets Säulen der Erde ist ein Bestseller. Nur wenige haben dieses Mammutwerk noch nicht gelesen. Und für all diejenigen, die es gelesen haben, gibt es jetzt das dazu gehörige Brettspiel, vom Meister persönlich empfohlen und mitgestaltet. Wir befinden uns im ausgehenden 12. Jahrhundert in England. In Kingsbridge soll die größte und schönste Kathedrale des Landes gebaut werden. Aber eine solche Großtat verlang viel Baumaterial und viele fleißige Hände. Im Spiel übernehmen die Spieler die Rollen der Baumeister, die ihre Handwerker und Arbeiter einsetzen, um an dem Gotteshaus zu arbeiten. Da muss Sand herbei geschafft werden, Holz wird benötigt und natürlich jede Menge Steine. Rohstoffe, die man nicht selber abbauen möchte kann man auf dem Marktplatz erstehen. Zufällige Ereignisse helfen oder hindern die Baumeister. Wer am Ende, wenn die Kathedrale fertig in den Himmel ragt, die meisten Siegpunkte erzielen konnte, gewinnt nicht nur das Spiel sondern auch Ruhm und Ansehen.</marc:subfield>
   </marc:datafield>
   <marc:datafield ind1=" " ind2=" " tag="500">
      <marc:subfield code="a">1 Spielplan, 1 Kathedrale aus 6 Teilen, 12 Baumeisterfiguren, 75 Karten, 35 Arbeiterfiguren, 82 Baustoffwürfel, 9 Anzeigesteine, 1 Würfel, 1 Stoffbeutel, Spielregel</marc:subfield>
   </marc:datafield>
   <marc:datafield ind1="0" ind2=" " tag="490">
      <marc:subfield code="v">0</marc:subfield>
   </marc:datafield>
</marc:record>
